Statistics for The Wednesday Quiz

Click here to take the quiz!

General Stats

  • This quiz has been taken 277 times
  • The average score is 5 of 15

Answer Stats

QuestionAnswer% Correct
From which family is the depressing fictional character Wednesday Friday _____ from?The {Addams} Family
92%
What name is given to the first day of Lent in Western Christian traditions?{Ash} Wednesday
67%
In the movie Mean Girls, the "Plastics" have a rule to only wear what colour on Wednesdays?Pink
56%
In Astrology, which planet is associated with Wednesday?Mercury
51%
On Wednesday 16th February 1983, which country had record bushfires, killing 75 people?Australia
48%
In the nursery rhyme Monday's Child, what is Wednesday's child?Full of {woe}
41%
Wednesday comes from the Old English Wōdnesdæg, originating from which norse god's name?Odin
38%
Which English association football club contains the word Wednesday in its name?Sheffield
30%
The 16th September 1992 in the UK is better known by what name, after being forced to leave the ERM?{Black} Wednesday
25%
What is Wednesday in German, literally meaning "mid-week"?Mittwoch
21%
Wacky Wednesday is a children's book written by which world-famous children's author?Dr. Seuss
20%
In the UK, what health awareness day takes place on the second Wednesday in March?No {Smoking} Day
15%
In Christianity, what day commemorates the Bargain of Judas?{Holy} Wednesday
10%
Which sports broadcaster hosts the weekly show NBA Wednesday?ESPN
8%
American singer and musician Joseph Michael Poole is better by known by what stage name?Wednesday {13}
3%

Score Distribution

Percentile by Number Answered

Percent of People with Each Score

Your Score History

You have not taken this quiz